Multi-Category Sixsomes Quiz Stats

 Plays Quiz Updated May 30, 2018

Score 0/90 Timer 10:00
2 Plays Today
% Correct
Atlanta
95.9%
Los Angeles
89.7%
Salt Lake City
88.7%
From Russia with Love
86.6%
Vatican City
86.5%
Diamonds Are Forever
86.1%
Miters
85.9%
Monaco
85.6%
You Only Live Twice
85.5%
Merits
85.4%
Mister
85.2%
Goldfinger
84.6%
Athena
84.5%
Juliet
84.3%
Aphrodite
84%
Mrs. Peacock
83.9%
Romeo
83.7%
Smiter
83.6%
United States
83.5%
Mrs. White
83.3%
Mr. Green
83.2%
Calling Birds
83.1%
Colonel Mustard
83%
Liechtenstein
82.8%
Turtle Doves
82.8%
Timers
82.5%
Malta
82.4%
French Hens
82.4%
Geese
82.1%
Miss Scarlet
81.9%
% Correct
Remits
81.9%
Mexico
81.8%
Andorra
81.8%
Swans
81.7%
San Marino
81.3%
Partridge in a Pear Tree
81.3%
Republic of Texas
81.3%
Hera
81.3%
Dr. No
81.1%
Professor Plum
80.9%
Addition
78.6%
St. Louis
78.5%
Confederate States of America
78.4%
Division
78.2%
Lake Placid
78%
Jack Shephard
77.7%
Subtraction
77.6%
France
77.4%
Multiplication
77.4%
Hestia
77.1%
Spain
76%
Hugo 'Hurley' Reyes
75.9%
Artemis
75.4%
Exponents
75.4%
Pennsylvania
75.2%
Lady Montague
75%
Saint Joseph's
74.7%
Parentheses
74.6%
Mercutio
74.5%
Kate Austen
74.4%
% Correct
Accusative
73.6%
Ablative
73.2%
Sayid Jarrah
72.9%
Boston
72.6%
Genitive
71.3%
Thunderball
71.2%
Don't Look Back
70.8%
Aaron Littleton
70.6%
Villanova
70.5%
Dative
70.1%
La Salle
70%
Vocative
69.1%
Sun-Hwa Kwon
68.6%
Nominative
68.5%
Doctor Manhattan
68.2%
Tybalt
67.5%
Temple
66.2%
Life, Love & Hope
66%
Demeter
63.1%
The Comedian
59.5%
Drexel
58.9%
Nite Owl
58.5%
Silk Spectre
54.6%
Corporate America
54.1%
Rorschach
50.9%
Walk On
49.5%
Ozymandias
47.1%
Third Stage
45.8%
Paris
45.1%
Squaw Valley
45%

You're not logged in!

Compare scores with friends on all Sporcle quizzes.
OR
Log In

Sporcle TV

Today on Sporcle TV


Watch our educational content, quiz creation guides, and fun videos on Sporcle TV.

Show Comments

Extras

Top Quizzes Today


Score Distribution

Your Account Isn't Verified!

In order to create a playlist on Sporcle, you need to verify the email address you used during registration. Go to your Sporcle Settings to finish the process.

Report this User

Report this user for behavior that violates our Community Guidelines.

Details: